Nền và móng

Zapisane w:
Opis bibliograficzny
1. autor: Lê, Anh Hoàng
Format: Książka
Język:Undetermined
Wydane: H. Xây dựng 2009
Hasła przedmiotowe:
Dostęp online:http://lrc.tdmu.edu.vn/opac/search/detail.asp?aID=2&ID=3582
Etykiety: Dodaj etykietę
Nie ma etykietki, Dołącz pierwszą etykiete!
Thư viện lưu trữ: Trung tâm Học liệu Trường Đại học Thủ Dầu Một
LEADER 00556nam a2200193Ia 4500
001 TDMU_3582
008 210410s9999 xx 000 0 und d
082 |a 624.15 
090 |b L46 
100 |a Lê, Anh Hoàng 
245 0 |a Nền và móng 
245 0 |c Lê Anh Hoàng 
260 |a H. 
260 |b Xây dựng 
260 |c 2009 
300 |a 298tr. 
650 |a Nền móng (Xây dựng) 
856 |u http://lrc.tdmu.edu.vn/opac/search/detail.asp?aID=2&ID=3582 
980 |a Trung tâm Học liệu Trường Đại học Thủ Dầu Một